000 00544nam a2200193Ia 4500
005 20250326143154.0
008 250326s9999 xx 000 0 und d
020 _a0-13-018378-4
037 _aTextbook
040 _aFMSL
_beng
_cFMSL
041 _aeng
_2eng
084 _aSN1obX:8y7 P0
_qFMSL
100 _aJones Gareth R
245 0 _aOrganizational Theory
_cJones Gareth R
260 _aNew Jersey
_bNew Jersey, Prentice Hall
_c2001
300 _axxiii,599
942 _cTB
_hSN1obX:8y7 P0
999 _c1298436
_d1298436